1806 1338 1812 1657 1080 1959 1651 1987 1408 1575 1096 1446 1235 1426 1054 1375 1516 1250 1054 1989 1308 1234 1612 1842 1966 1472 1151 1963 1048 1679 1833 1963 1768 1677 1120 1958 1613 1386 1412 1245 1645 1439 1636 1184 1791 1787 1918 1972 1962 1507 1313 1510 1656 1150 1124 1446 1113 1566 1286 1432 1613 1701 1968 1215 1320 1011 1187 1560 1418 1912 1105 1312 1243 1968 1629 1607 1619 1773 1980 1516 1711 1934 1049 1741 1203 1011 1010 1528 1202 1783 1895 1073 1698 1099 1835 1978 1143 1443 1404 BCNSPRNW ULIB Ver.6.0+V

เปลี่ยนเป็นภาษาไทย

Change to English
 แสดงรายละเอียดบรรณานุกรม
  กลับหน้าหลัก

Brief Record : Get Marc (ISO 2709) : E-mail record : QR code < ปิดหน้าต่าง
LEADER : 00000nam 2200000uu 4500
001    13399121150
003     ULIB
008    121107s2550||||th 000 0 tha d
020    ^a9749713869
020    ^a9789749713860
050  4 ^aLB2832.4.T5^bย134ค 2550
100 0  ^aยนต์ ชุ่มจิต
245 10 ^aความเป็นครู =^bSelf actualization for teachers /^cยนต์ ชุ่มจิต
246 31 ^aSelf actualization for teachers
250    ^aพิมพ์ครั้งที่ 4
260    ^aกรุงเทพฯ :^bโอเดียนสโตร์,^c2550
300    ^a349 หน้า ;^c25 ซม.
650  4 ^aครู
650  4 ^aครู^xจรรยาบรรณ
945    ^p220^l0^i16603
995    ^aกัณชพร
999 ^a กัณชพร
รายการนี้ยังไม่มีแท็ก
คุณยังไม่ได้ล็อกอิน คุณสามารถมีกิจกรรมร่วมกับเว็บไซต์ได้ แต่ต้องล็อกอินก่อน ::
  ล็อกอิน

รายการสื่อสารสนเทศ

ลำดับที่ ประเภท เลขเรียก/บาร์โค้ด สถานที่ สถานะ
1. วิทยาศาสตร์การแพทย์ และสุขภาพ
วิทยาศาสตร์การแพทย์ และสุขภาพ
LB2832.4.T5 ย134ค 2550  
  Barcode: 16603
ห้องสมุดวิทยาเขตสวรรค์ประชารักษ์
►หนังสือทั่วไป
บนชั้น

รายการใกล้เคียง
    ผู้แต่ง [ยนต์ ชุ่มจิต]

    หัวเรื่อง [ครู]
    หัวเรื่อง [ครู จรรยาบรรณ]

BibComment


ยังไม่เคยถูกคอมเมนท์

คอมเมนท์ทรัพยากรรายการนี้
  คอมเมนท์: ความเป็นครู Sel..


 Copyright 2026. Bcnsprnw @Library